书目信息 |
| 题名: |
世外文章
|
|
| 作者: | 张求会 著 | |
| 分册: | ||
| 出版信息: | 广州 广东人民出版社 2025.02 |
|
| 页数: | 290页 | |
| 开本: | 20cm | |
| 丛书名: | 陈寅恪四书 | |
| 单 册: | ||
| 中图分类: | K825.81=72 | |
| 科图分类: | ||
| 主题词: | ||
| 电子资源: | ||
| ISBN: | 978-7-218-17933-9 | |
| 000 | 00889oam2 2200253 450 | |
| 001 | 010622231949 | |
| 005 | 20251023101115.86 | |
| 010 | @a978-7-218-17933-9@dCNY72.00 | |
| 100 | @a20250523d2025 em y0chiy0120 ea | |
| 101 | 0 | @achi |
| 102 | @aCN@b440000 | |
| 105 | @ay z 000yd | |
| 106 | @ar | |
| 200 | 1 | @a世外文章@9shi wai wen zhang@e陈寅恪集外钩沉@f张求会著 |
| 210 | @a广州@c广东人民出版社@d2025.02 | |
| 215 | @a290页@d20cm | |
| 225 | 1 | @a陈寅恪四书@v3 |
| 330 | @a本书所收十三篇文章,皆与陈寅恪(唐贫)的集外文有关,收录了陈寅恪佚文《敦煌本<太公家教>书后》考释、陈寅恪讲义《敦煌小说选读》相关问题续探、陈寅恪手书《宋诗精华录》批语辑注等。 | |
| 461 | 0 | @12001 @a陈寅恪四书 |
| 600 | 0 | @a陈寅恪@f(1890-1969)@x人物研究 |
| 690 | @aK825.81=72@v5 | |
| 701 | 0 | @a张求会@9zhang qiu hui@f(1969-)@4著 |
| 801 | 0 | @aCN@c20250911 |
| 905 | @a河南城建学院图书馆@dK825.81@eC623-3@ZC623-3@f1 | |
| 世外文章:陈寅恪集外钩沉/张求会著.-广州:广东人民出版社,2025.02 |
| 290页;20cm.-(陈寅恪四书;3) |
| ISBN 978-7-218-17933-9:CNY72.00 |
| 本书所收十三篇文章,皆与陈寅恪(唐贫)的集外文有关,收录了陈寅恪佚文《敦煌本<太公家教>书后》考释、陈寅恪讲义《敦煌小说选读》相关问题续探、陈寅恪手书《宋诗精华录》批语辑注等。 |
| ● |
| 相关链接 |
|
|
|
正题名:世外文章
索取号:K825.81/C623-3
 
预约/预借
| 序号 | 登录号 | 条形码 | 馆藏地/架位号 | 状态 | 备注 |
| 1 | 1635865 | 216358652 | 社科库309/309社科库 55排2列1层/ [索取号:K825.81/C623-3] | 在馆 |